[Event "1st WMSG Rapid Pair"]
[Site "Beijing CHN"]
[Date "2008.10.10"]
[Round "5"]
[White "Berend,E"]
[Black "Hernandez Guerrero,Y"]
[Result "1-0"]
[WhiteElo "2328"]
[BlackElo "2228"]

1.e4 c5 2.Nf3 e6 3.d4 cxd4 4.Nxd4 a6 5.Bd3 Qc7 6.O-O Nf6 7.c4 Nc6 8.Nxc6 dxc6
9.Nc3 e5 10.Qe2 Be7 11.f4 O-O 12.f5 b5 13.a3 Rd8 14.Be3 Nd7 15.Rac1 Bc5 16.Kh1 Qa7
17.Bxc5 Nxc5 18.Bb1 Nb3 19.Rcd1 Nd4 20.f6 Be6 21.Qf2 Bxc4 22.Qg3 g6 23.Bd3 Qc5
24.b4 Qd6 25.Bxc4 bxc4 26.Qh4 a5 27.bxa5 Rxa5 28.a4 Raa8 29.h3 Rab8 30.Ne2 c5
31.Nc3 Qf8 32.Qg5 Rb3 33.Rc1 h6 34.Qxe5 Re8 35.Qd5 Rd8 36.Qxc4 Rb4 37.Qa2 c4
38.Nd5 Nb3 39.Nxb4 Nxc1 40.Qxc4 Ne2 41.Qxe2 Qxb4 42.e5 Qxa4 43.e6 Qb3 44.e7 Re8
45.Qd2 Qb5 46.Rf3 Qb1+ 47.Kh2 Qb8+ 48.Qf4 Qb6 49.Qxh6 Qc7+ 50.Rg3  1-0

[Event "1st WMSG Rapid Pair"]
[Site "Beijing CHN"]
[Date "2008.10.10"]
[Round "7"]
[White "Berend,E"]
[Black "Sarakauskiene,Z"]
[Result "1-0"]
[WhiteElo "2328"]
[BlackElo "2188"]

1.e4 c5 2.Nf3 e6 3.d4 cxd4 4.Nxd4 a6 5.Bd3 Nf6 6.O-O d6 7.c4 Be7 8.Nc3 Nbd7
9.b3 Qc7 10.Bb2 b6 11.Rc1 O-O 12.Qe2 Re8 13.Kh1 Bb7 14.f4 Bf8 15.Nf3 Nh5
16.Ng5 g6 17.Nd1 Qc5 18.Nh3 Bg7 19.Bxg7 Nxg7 20.Nc3 Rac8 21.Na4 Qc7 22.b4 Nh5
23.Qe3 f5 24.Nf2 d5 25.cxd5 Qxf4 26.Qxf4 Nxf4 27.dxe6 Rxc1 28.Rxc1 Rxe6 29.Bc4 b5
30.Bxe6+ Nxe6 31.Nc3 fxe4 32.Ncxe4 Kg7 33.Nd6 Bd5 34.Rd1 Bc6 35.Nd3 Kf6 36.Re1 Ke7
37.Ne4 Kf7 38.Ndc5 Ndxc5  1-0

[Event "Chigorin Memorial"]
[Site "St Petersburg RUS"]
[Date "2008.10.10"]
[Round "8"]
[White "Zhukov,K"]
[Black "Malakhov,I"]
[Result "0-1"]
[WhiteElo "2183"]
[BlackElo "2346"]

1.e4 c5 2.Nf3 e6 3.d4 cxd4 4.Nxd4 a6 5.Bd3 Qc7 6.O-O Nf6 7.Qe2 d6 8.c4 Nbd7
9.Nc3 Be7 10.Kh1 Ne5 11.f4 Nxd3 12.Qxd3 Bd7 13.Bd2 Rc8 14.b3 O-O 15.Rae1 Ne8
16.f5 Bf6 17.Nce2 Bxd4 18.Nxd4 e5 19.Nc2 b5 20.Ne3 bxc4 21.bxc4 Nf6 22.Bb4 Bc6
23.Bxd6 Rfd8 24.Bxc7 Rxd3 25.Bxe5 Nxe4 26.Bf4 Nd2 27.Rd1 Rcd8 28.Rfe1 h5
29.Kg1 R8d4 30.Bg3 h4 31.Bf2 Ba4 32.Rc1 h3 33.Nf1 Rg4 34.Ne3 Rxe3 35.Rxe3 Rxg2+
36.Kh1 Bc6  0-1

[Event "Chigorin Memorial"]
[Site "St Petersburg RUS"]
[Date "2008.10.11"]
[Round "9"]
[White "Malakhov,I"]
[Black "Shaposhnikov,E"]
[Result "1/2-1/2"]
[WhiteElo "2346"]
[BlackElo "2558"]

1.e4 c5 2.Nf3 e6 3.d4 cxd4 4.Nxd4 a6 5.Bd3 Nf6 6.O-O d6 7.c4 b6 8.Nc3 Bb7
9.Kh1 g6 10.f4 Bg7 11.Nf3 O-O 12.Qe2 Nbd7 13.Bd2 Re8 14.Rad1 Nh5 15.Bb1 Rc8
16.Be3 Qe7 17.Qd3 Bxc3 18.bxc3 d5 19.cxd5 exd5 20.e5 Qa3 21.Rc1 Ng7 22.Bd4 Nc5
23.Qe3 Ne4 24.Ng5 Nf5 25.Qe1 Nxd4 26.cxd4 Nxg5 27.Rxc8 Bxc8 28.fxg5 Be6 29.Qc1 Qb4
30.Qf4 Rc8 31.Bd3 b5 32.h4 Rc3 33.Be2 Qe7 34.Bg4 h5 35.Bxe6 Qxe6 36.Qd2 Rc4
37.Rf4 b4 38.Qf2 Rc6 39.Kh2 Qd7 40.Rf6 a5 41.Qe2 Re6 42.Qc2 a4 43.Rxe6 Qxe6
44.Qxa4 Qg4 45.Qxb4 Qxh4+ 46.Kg1 Qxg5 47.Qc3 Qg4 48.Qd3 Qd7 49.Qb3 Qc6 50.Qe3 Kf8
51.Kh2 Ke8  1/2-1/2

[Event "1st WMSG Blitz Team"]
[Site "Beijing CHN"]
[Date "2008.10.13"]
[Round "1"]
[White "Meijers,V"]
[Black "Ahmed,Abdu"]
[Result "1-0"]
[WhiteElo "2514"]
[BlackElo "2246"]

1.e4 c5 2.Nf3 e6 3.d4 cxd4 4.Nxd4 a6 5.Bd3 Qc7 6.Qe2 Nc6 7.Nf3 Nf6 8.c4 Bc5
9.Be3 Bxe3 10.Qxe3 O-O 11.e5 Ng4 12.Qe4 f5 13.exf6 Nxf6 14.Qe2 Nb4 15.O-O Nxd3
16.Qxd3 d5 17.Nbd2 dxc4 18.Nxc4 b5 19.Ne3 Bb7 20.Ng5 Rae8 21.Rac1 Qf4 22.Nh3 Qb4
23.Rc7 Be4 24.Qc3 Qxc3 25.Rxc3 Nd5 26.Nxd5 Bxd5 27.a3 Rc8 28.Rfc1 Rxc3 29.Rxc3 Bc4
30.f3 Rd8 31.b3 Rd1+ 32.Kf2 Bd5 33.Nf4 Rd2+ 34.Kg3 h6 35.h4 Kf7 36.Rc7+ Kf6
37.Nh5+ Ke5 38.b4 g6 39.Nf4 Kf6 40.Rh7 Ra2 41.Rxh6 Rxa3 42.Rxg6+ Kf7 43.h5 a5
44.bxa5 b4 45.h6 Rxa5 46.Rg7+ Kf6 47.Nh5+ Ke5 48.h7  1-0

[Event "1st WMSG Blitz Team"]
[Site "Beijing CHN"]
[Date "2008.10.13"]
[Round "3"]
[White "Greet,A"]
[Black "Kulaots,K"]
[Result "0-1"]
[WhiteElo "2440"]
[BlackElo "2556"]

1.e4 c5 2.Nf3 e6 3.d4 cxd4 4.Nxd4 a6 5.Bd3 g6 6.b3 Bg7 7.Bb2 Nf6 8.O-O d6
9.Nd2 O-O 10.f4 Nbd7 11.Qe2 Qc7 12.Kh1 b6 13.Nc4 b5 14.Ne3 Bb7 15.f5 Rae8
16.fxe6 fxe6 17.Ng4 Nxg4 18.Qxg4 Qb6 19.Rxf8+ Nxf8 20.c3 Nd7 21.Bc2 b4 22.Rd1 bxc3
23.Bxc3 Qc5 24.Qg3 Nf6 25.e5 dxe5 26.Ne2 Be4 27.Bb1 Bxb1 28.Rxb1 Ne4 29.Qe1 Nf2+  0-1

[Event "1st WMSG Blitz Team"]
[Site "Beijing CHN"]
[Date "2008.10.13"]
[Round "5"]
[White "Leito,P"]
[Black "Haznedaroglu,K"]
[Result "0-1"]
[WhiteElo "2336"]
[BlackElo "2436"]

1.e4 c5 2.Nf3 e6 3.d4 cxd4 4.Nxd4 a6 5.Bd3 Qc7 6.O-O Nf6 7.c4 h5 8.h3 Nc6
9.Nxc6 dxc6 10.Nc3 Bc5 11.Qe2 Ng4 12.hxg4 hxg4 13.e5 f5 14.g3 Qf7 15.Bg5 Qh5
16.Bh4 g5 17.Kg2 gxh4 18.Rh1 h3+ 19.Kh2 Bd7 20.Rhd1 O-O-O 21.Na4 Ba7 22.c5 Kb8
23.Rac1 Bc8 24.Rc3 Rd5 25.Bc4 Rxd1 26.Qxd1 f4 27.Bxa6 fxg3+ 28.fxg3 Qxe5
29.Qe2 Qxe2+ 30.Bxe2 Rf8 31.Bxg4 Rg8 32.Bxh3 Rh8 33.Kg2 Kc7 34.Re3 Rd8 35.b4 Rd4
36.a3 Rd2+ 37.Kf3 Ra2 38.Bxe6 Bxe6 39.Rxe6 Rxa3+  0-1

[Event "1st WMSG Blitz Team w"]
[Site "Beijing CHN"]
[Date "2008.10.13"]
[Round "6"]
[White "Salman,Ma"]
[Black "Guo,E"]
[Result "1/2-1/2"]
[WhiteElo "2112"]
[BlackElo "1752"]

1.e4 c5 2.Nf3 e6 3.d4 cxd4 4.Nxd4 a6 5.Bd3 Nc6 6.Nb3 Qc7 7.Nc3 d6 8.O-O Nf6
9.Be3 b5 10.a3 Be7 11.Qe2 Bb7 12.Rad1 O-O 13.f4 Rfd8 14.Kh1 d5 15.e5 Nd7
16.Nd4 Nxd4 17.Bxd4 Bc5 18.Bxc5 Nxc5 19.f5 Nxd3 20.Rxd3 exf5 21.Rg3 Re8 22.Rxf5 Kh8
23.Rfg5 f6 24.R5g4 Qxe5 25.Qxe5 Rxe5 26.h3 Re7 27.Rd4 Rd8 28.Rgd3 Re5 29.a4 Bc6
30.axb5 axb5 31.Na2 Re2 32.Nb4 Bb7 33.b3 Re5 34.c4 bxc4 35.bxc4 Kg8 36.cxd5 Kf7
37.Nc6 Bxc6 38.dxc6 Rxd4 39.Rxd4 Rc5 40.Rd7+ Kg6 41.c7 f5 42.Kg1 h6 43.Kf2 Kf6
44.Kf3 g5 45.h4 Rc3+ 46.Ke2 gxh4 47.Rd6+ Kg5 48.Rd7 Kg4 49.Rg7+ Kf4 50.Rg6 Rxc7
51.Rxh6 Kg5 52.Rd6 f4 53.Rd8 Rc6 54.Rg8+ Kf5 55.Rf8+ Kg5 56.Rg8+ Kf5 57.Rh8 Kg4
58.Rg8+ Kf5 59.Rf8+ Rf6 60.Rg8 Re6+ 61.Kf2 Re5 62.Rf8+ Kg4 63.Rg8+ Rg5 64.Rf8 Rf5  1/2-1/2

[Event "1st WMSG Blitz Team w"]
[Site "Beijing CHN"]
[Date "2008.10.13"]
[Round "6"]
[White "Dagiisuren,J"]
[Black "Sachdev,T"]
[Result "0-1"]
[WhiteElo "1966"]
[BlackElo "2425"]

1.e4 c5 2.Nf3 e6 3.d4 cxd4 4.Nxd4 a6 5.Bd3 Nf6 6.Be3 Qc7 7.O-O b5 8.Nd2 Bb7
9.f4 d6 10.Kh1 Be7 11.Rc1 O-O 12.c4 b4 13.Qa4 Nbd7 14.Qxb4 Nc5 15.Bb1 Ncxe4
16.Nxe4 Nxe4 17.Nf3 Nf6 18.Qc3 Rac8 19.b4 Nd5 20.Qc2 Nf6 21.Qc3 Rfe8 22.a3 Ne4
23.Qc2 f5 24.Bd4 Bf8 25.Nd2 e5 26.fxe5 dxe5 27.Ba1 g6 28.Nxe4 Bxe4 29.Qb2 Bb7
30.Qxe5 Rxe5 31.Bxe5 Qxe5 32.c5 Qe2 33.Rg1 Bc6 34.Rce1 Qb2 35.Re3 Bg7 36.Bd3 Bd4
37.Bc4+ Kf8 38.Re2 Qc3 39.Ba2  0-1

[Event "1st WMSG Blitz Team w"]
[Site "Beijing CHN"]
[Date "2008.10.13"]
[Round "8"]
[White "Salman,Ma"]
[Black "Panella,F"]
[Result "1/2-1/2"]
[WhiteElo "2112"]
[BlackElo "2004"]

1.e4 c5 2.Nf3 e6 3.d4 cxd4 4.Nxd4 a6 5.Bd3 Nf6 6.O-O Qc7 7.Be3 Nc6 8.Qe2 d6
9.Nc3 b5 10.a3 Bb7 11.Rae1 Be7 12.f4 O-O 13.Kh1 Rac8 14.Qf2 Ng4 15.Qg3 Nxe3
16.Qxe3 Nxd4 17.Qxd4 Qc5 18.Qe3 Qxe3 19.Rxe3 Bf6 20.e5 dxe5 21.fxe5 Bg5 22.Rg3 h6
23.Ne4 Bxe4 24.Bxe4 Rc5 25.Bb7 a5 26.c3 Rxe5 27.Rd3 Re2 28.b4 axb4 29.cxb4 Rd8
30.Rdf3 f6 31.Rc3 Rb8 32.Bf3 Re3 33.Rc6 Rxa3 34.Rxe6 Ra4 35.Bd5 Kh7 36.Re4 Rb6
37.Be6 Bd2 38.Bf5+ g6 39.Re7+ Kg8 40.Bxg6 Bxb4 41.Rd7 Bc3 42.h3 Ra1 43.Rxa1 Bxa1
44.Bf7+ Kf8 45.Bb3 Be5 46.Rf7+ Ke8 47.Rh7 Bf4 48.Rg7 b4 49.Kg1 Rd6 50.Kf2 Kf8
51.Rb7 Rd3 52.Rxb4 Be5 53.Rb7 Ke8 54.Ke2 Rc3 55.Bf7+ Kf8 56.Bb3 Rg3 57.Kf2 Rc3
58.Ke2 Rg3 59.Kf2 Rc3  1/2-1/2

[Event "1st WMSG Blitz Team w"]
[Site "Beijing CHN"]
[Date "2008.10.13"]
[Round "10"]
[White "Madl,I"]
[Black "Sachdev,T"]
[Result "0-1"]
[WhiteElo "2376"]
[BlackElo "2425"]

1.e4 c5 2.Nf3 e6 3.d4 cxd4 4.Nxd4 a6 5.Bd3 Nf6 6.O-O Qc7 7.Qe2 d6 8.c4 g6
9.Nc3 Bg7 10.Nf3 Nc6 11.Rd1 O-O 12.h3 Nd7 13.Bf4 Bxc3 14.bxc3 e5 15.Bh6 Re8
16.Nh2 Nc5 17.Ng4 Bxg4 18.hxg4 Na5 19.Qf3 Qe7 20.Be2 Rac8 21.Rd5 b6 22.Rad1 Ncb7
23.Qe3 Nxc4 24.Bxc4 Rxc4 25.Qxb6 Rxe4 26.Rb1 Nc5 27.Qxd6 Qxd6 28.Rxd6 Rxg4
29.Be3 Ne4 30.Rxa6 Nxc3 31.Rb2 Rd8 32.Rd2 Rb8 33.f3 Rc4 34.Kf2  0-1

[Event "Belgrade Premier League"]
[Site "Belgrade SRB"]
[Date "2008.10.13"]
[Round "9"]
[White "Asik,J"]
[Black "Djerfi,K"]
[Result "1/2-1/2"]
[WhiteElo "2349"]
[BlackElo "2351"]

1.e4 c5 2.Nf3 e6 3.d4 cxd4 4.Nxd4 a6 5.Bd3 Nf6 6.O-O d6 7.Nd2 g6 8.Qe2 Bg7
9.c3 O-O 10.f4 e5 11.fxe5 dxe5 12.N4f3 Qc7 13.Nc4 Nh5 14.Qf2 Nd7 15.Be3 b5
16.Nb6 Nxb6 17.Bxb6 Qb7 18.Rfe1 Nf4 19.Bf1 Be6 20.b3 h6 21.c4 f5 22.Nd2 fxe4
23.Qe3 Nd3 24.Bxd3 exd3 25.Bc5 Rfd8 26.Rac1 bxc4 27.Nxc4 Bxc4 28.Rxc4 Rac8
29.b4 Qd5 30.Rg4 Kh7 31.Qe4 Qe6 32.Rg3 d2 33.Rd1 Rd7 34.Rd3 Rcd8 35.R1xd2 Rxd3
36.Rxd3 Rxd3 37.Qxd3 Qxa2 38.h4 h5 39.Kh2 Qe6 40.Qe4 Qf6 41.g3 Qf5 42.Qb7 Qc2+
43.Kh3 Qe2 44.Qa7  1/2-1/2

[Event "1st WMSG Rapid Team"]
[Site "Beijing CHN"]
[Date "2008.10.14"]
[Round "1"]
[White "Greet,A"]
[Black "Miezis,N"]
[Result "0-1"]
[WhiteElo "2440"]
[BlackElo "2552"]

1.e4 c5 2.Nf3 e6 3.d4 cxd4 4.Nxd4 a6 5.Bd3 Nc6 6.Nxc6 dxc6 7.Nd2 Qc7 8.b3 Nf6
9.Bb2 e5 10.Qf3 Be6 11.Bc4 Bc8 12.Bd3 Nd7 13.Nc4 b5 14.Ne3 Nc5 15.O-O Be6
16.a4 Rd8 17.axb5 axb5 18.Rfd1 f6 19.Be2 Rc8 20.h4 h5 21.g3 Kf7 22.Bf1 g6
23.Bg2 Be7 24.Qe2 Rhd8 25.Bc3 Rxd1+ 26.Qxd1 Qb7 27.f4 Qc7 28.f5 Bd7 29.fxg6+ Kxg6
30.Nf5 Bf8 31.g4 Ne6 32.gxh5+ Kh7 33.Qg4 Be8 34.Bd2 Rd8 35.Be3 Bc5 36.Bxc5 Nxc5
37.Kh1 Ne6 38.Rg1 Nf4 39.Bf3 Bxh5 40.Qg7+ Qxg7 41.Rxg7+ Kh8 42.Bxh5 Nxh5
43.Rc7 Rd1+ 44.Kg2 Rd2+ 45.Kf3 Rxc2 46.Kg4 Nf4 47.h5 Ne6 48.Re7 Ng5 49.h6 Rg2+
50.Kh5 Nxe4 51.Nh4 Rg5+  0-1

[Event "1st WMSG Rapid Team w"]
[Site "Beijing CHN"]
[Date "2008.10.14"]
[Round "1"]
[White "Garcia Garcia,Ed"]
[Black "Vasilevich,I"]
[Result "0-1"]
[WhiteElo "2038"]
[BlackElo "2354"]

1.e4 c5 2.Nf3 e6 3.d4 cxd4 4.Nxd4 a6 5.Bd3 Bc5 6.Nb3 Ba7 7.Nc3 Nc6 8.Qe2 d6
9.Be3 b5 10.a3 Nf6 11.O-O O-O 12.Kh1 e5 13.Nd5 Bxe3 14.fxe3 Ne8 15.Qh5 Be6
16.Rf3 Ne7 17.Raf1 Rc8 18.g4 Ng6 19.g5 Nc7 20.Rg1 Nxd5 21.exd5 Bxd5 22.Rg3 Re8
23.e4 Be6 24.Bf1 Rxc2 25.Bh3 Bxb3  0-1

[Event "1st WMSG Rapid Team"]
[Site "Beijing CHN"]
[Date "2008.10.15"]
[Round "5"]
[White "Nguyen Anh Dung"]
[Black "Miezis,N"]
[Result "1-0"]
[WhiteElo "2496"]
[BlackElo "2552"]

1.e4 c5 2.Nf3 e6 3.d4 cxd4 4.Nxd4 a6 5.Bd3 Nc6 6.Nxc6 dxc6 7.O-O e5 8.Nd2 Nf6
9.Nc4 Qc7 10.f4 Ng4 11.Qf3 Bc5+ 12.Kh1 h5 13.fxe5 Be6 14.Nd6+ Bxd6 15.exd6 Qxd6
16.Bf4 Qc5 17.h3 O-O-O 18.Qg3 g5 19.Bd2 h4 20.Qe1 Ne5 21.Be3 Qe7 22.Qc3 Nxd3
23.cxd3 Rhg8 24.Bd4 Qd7 25.Bf6 Rde8 26.Qc5 g4 27.Be5 b5 28.Rac1 Bc4 29.dxc4 gxh3
30.Rf5 hxg2+ 31.Kg1 h3 32.cxb5 Rxe5 33.Qxe5 axb5 34.Qf4 Qa7+ 35.Qf2 Qc7 36.e5 Qd7
37.Rxf7 h2+ 38.Kxh2 g1=Q+ 39.Rxg1 Rh8+ 40.Kg3 Rg8+ 41.Kh2 Rh8+ 42.Kg3 Rg8+
43.Kh4 Rh8+ 44.Kg5 Rg8+ 45.Kf6 Qd8+ 46.Ke6 Qd5+ 47.Kf6 Qd8+ 48.Kf5 Qd3+ 49.Kf6 Qd8+
50.Kf5 Qd3+ 51.Kf4 Qc4+ 52.Ke3 Rd8 53.Qf5+ Kb8 54.Rgg7 Qd4+ 55.Kf3 Qd1+ 56.Kf4 Qd2+
57.Kf3 Qd1+ 58.Kf4 Qd2+ 59.Kg4 Qg2+ 60.Kh5 Qh2+ 61.Kg6 Qg2+ 62.Kf6  1-0

[Event "1st WMSG Rapid Team w"]
[Site "Beijing CHN"]
[Date "2008.10.15"]
[Round "6"]
[White "Panella,F"]
[Black "Anhchimeg,B"]
[Result "1/2-1/2"]
[WhiteElo "2004"]
[BlackElo "2146"]

1.e4 c5 2.Nf3 e6 3.d4 cxd4 4.Nxd4 a6 5.Bd3 Nf6 6.Qe2 d6 7.c4 Be7 8.Nc3 Qc7
9.O-O O-O 10.f4 Nbd7 11.Kh1 b6 12.Bd2 Bb7 13.Rae1 Rfd8 14.Nf3 e5 15.Nd5 Bxd5
16.exd5 Nc5 17.fxe5 dxe5 18.Qxe5 Qxe5 19.Nxe5 Nxd3 20.Nxd3 Bd6 21.Be3 Rab8
22.Bg5 Rbc8 23.b3 b5 24.Rc1 Ba3 25.Bxf6 gxf6 26.Rc3 Rxd5 27.Nf4 Rf5 28.g3 bxc4
29.bxc4 Bb4 30.Rc2 a5 31.Rd1 Rfc5 32.Rd4 f5 33.Nd3 R5c7 34.Nxb4 axb4 35.Kg2 Kg7
36.Kf3 Kf6 37.Kf4 Rc6 38.Ke3 Ra8 39.c5 Ra3+ 40.Rd3 Ra5 41.Kd4 Rc8 42.Rb3 Rb5
43.a3 Rb7 44.axb4 Rd7+ 45.Kc4 Re8 46.Rd3 Re4+ 47.Kc3 Rxd3+ 48.Kxd3 Rxb4 49.c6 Rb8
50.c7 Rc8 51.Kd4 Ke6 52.Ke3 Kd7 53.Kf4 Ke6 54.Rc6+ Kd5 55.Rc1 Ke6 56.Rc6+ Kd5  1/2-1/2

[Event "1st Bobotsov Mem"]
[Site "Sofia BUL"]
[Date "2008.10.15"]
[Round "1"]
[White "Mrdja,M"]
[Black "Todorov,O"]
[Result "1/2-1/2"]
[WhiteElo "2401"]
[BlackElo "2318"]

1.e4 c5 2.Nf3 e6 3.d4 cxd4 4.Nxd4 a6 5.Bd3 Nf6 6.O-O Qc7 7.Re1 d6 8.c4 Nbd7
9.b3 g6 10.Nc3 Bg7 11.Bb2 O-O 12.Rc1 b6 13.Bf1 Bb7 14.h3 Rfe8 15.Qd2 Rad8
16.b4 Qb8 17.Nb3 Ne5 18.f4 Nc6 19.a3  1/2-1/2

[Event "1st WMSG Rapid Team w"]
[Site "Beijing CHN"]
[Date "2008.10.16"]
[Round "9"]
[White "Salman,Ma"]
[Black "Vasilevich,I"]
[Result "1/2-1/2"]
[WhiteElo "2112"]
[BlackElo "2354"]

1.e4 c5 2.Nf3 e6 3.d4 cxd4 4.Nxd4 a6 5.Bd3 Bc5 6.Nb3 Ba7 7.Nc3 Nc6 8.O-O d6
9.Qe2 Nge7 10.Be3 b5 11.Rae1 b4 12.Nb1 a5 13.Bb5 O-O 14.c4 a4 15.Bxc6 Nxc6
16.N3d2 Ba6 17.Rc1 Qf6 18.Bxa7 Rxa7 19.Nf3 d5 20.exd5 exd5 21.b3 axb3 22.axb3 dxc4
23.bxc4 Rc8 24.Rfe1 h6 25.Nbd2 Nd4 26.Qe3 Nxf3+ 27.Nxf3 Rac7 28.c5 Bb7 29.Ne5 Qg5
30.Qxg5 hxg5 31.Nd3 b3 32.Rc3 Bd5 33.f3 Ra8 34.Re2 Ra2 35.Kf2 Re7 36.Rxa2 bxa2
37.Ra3 Bc4 38.Nc1 Rb7 39.Ke3 Rb2 40.c6 Rc2 41.c7 Be6 42.Nxa2 Rxc7 43.Nb4 Rc4
44.Nd3 Rc2 45.Ne1 Rb2 46.Rd3 Kh7 47.Rd2 Rb1 48.Nd3 Rb3 49.Kd4 f6 50.Nc5 Rb4+
51.Ke3 Bf5 52.Rd4 Rb1 53.Rd2 Rc1 54.Ne4 Re1+ 55.Kf2  1/2-1/2

[Event "24th ECC"]
[Site "Kallithea GRE"]
[Date "2008.10.18"]
[Round "2"]
[White "Shirov,A"]
[Black "D'Costa,L"]
[Result "1-0"]
[WhiteElo "2726"]
[BlackElo "2411"]

1.e4 c5 2.Nf3 e6 3.d4 cxd4 4.Nxd4 a6 5.Bd3 Nf6 6.O-O Qc7 7.Qe2 d6 8.c4 g6
9.Nc3 Bg7 10.Nf3 O-O 11.Bf4 Nc6 12.Rac1 Nd7 13.Rfd1 Nde5 14.Bb1 Nxf3+ 15.Qxf3 Ne5
16.Qg3 b6 17.b3 Bb7 18.Be3 Rab8 19.Bd4 Rfd8 20.Rc2 Ba8 21.Rcd2 b5 22.f4 Nc6
23.Bxg7 Kxg7 24.cxb5 axb5 25.f5 Ne5 26.Rxd6 Qc5+ 27.Qf2 Qxc3 28.f6+  1-0

[Event "24th ECC"]
[Site "Kallithea GRE"]
[Date "2008.10.18"]
[Round "2"]
[White "Ruck,T"]
[Black "Kobalia,M"]
[Result "0-1"]
[WhiteElo "2328"]
[BlackElo "2630"]

1.e4 c5 2.Nf3 e6 3.d4 cxd4 4.Nxd4 a6 5.Bd3 Ne7 6.O-O Nbc6 7.Nb3 g6 8.f4 d6
9.Qe2 Bg7 10.c3 b5 11.Be3 O-O 12.a4 b4 13.c4 a5 14.Qc2 f5 15.N1d2 e5 16.Rae1 Kh8
17.fxe5 Nxe5 18.Be2 N7c6 19.c5 d5 20.exd5 Qxd5 21.Nc4 Be6 22.Nxe5 Nxe5 23.Nd4 Nc4
24.Bf3 Nxe3 25.Bxd5 Nxc2 26.Nxe6 Nxe1 27.Bxa8 Rxa8 28.Rxe1 Bxb2 29.c6 Bf6
30.Nc7 Rc8 31.Re8+ Rxe8 32.Nxe8 Bd4+ 33.Kf1 b3 34.c7 b2 35.c8=Q b1=Q+ 36.Ke2 Qe4+
37.Kd1 Qd3+ 38.Kc1 Qf1+ 39.Kc2 Qxg2+ 40.Kd1 Qf3+ 41.Kc2 Qe2+ 42.Kc1 Be3+
43.Kb1 Qd1+  0-1

[Event "LiraH Autumn"]
[Site "Lichtenrade GER"]
[Date "2008.10.18"]
[Round "1"]
[White "Gruzmann,B"]
[Black "Ruehrmund,D"]
[Result "1-0"]
[WhiteElo "2254"]
[BlackElo "1841"]

1.e4 c5 2.Nf3 e6 3.d4 cxd4 4.Nxd4 a6 5.Bd3 Qc7 6.f4 Nf6 7.c4 Bc5 8.Nb3 Bb4+
9.Nc3 d6 10.O-O Nbd7 11.Qf3 O-O 12.g4 Nc5 13.g5 Nfd7 14.Bc2 Nxb3 15.axb3 b6
16.f5 Ne5 17.Qh3 Bc5+ 18.Kh1 exf5 19.Nd5 Qd8 20.exf5 Ra7 21.b4 Bd4 22.Qh4 Bb7
23.f6 Ng6 24.Qxd4 Bxd5+ 25.cxd5 gxf6 26.gxf6 Re8 27.Bxg6 fxg6 28.Rxa6 Rf7
29.Qxb6 Qxb6 30.Rxb6 Rd8 31.Bg5 Rfd7 32.b5 Rf7 33.Re1 h6 34.Re7 Rxe7 35.fxe7 Re8
36.Bf6 Kf7 37.Rxd6  1-0

[Event "TCh-BEL 2008-9"]
[Site "Belgium BEL"]
[Date "2008.10.19"]
[Round "2"]
[White "Popovic,Pe"]
[Black "Cappon,J"]
[Result "1/2-1/2"]
[WhiteElo "2489"]
[BlackElo "2222"]

1.e4 c5 2.Nf3 e6 3.d4 cxd4 4.Nxd4 a6 5.Bd3 Nc6 6.Nxc6 dxc6 7.Nd2 e5 8.O-O Be6
9.Nf3 Bd6 10.Ng5 Qe7 11.Nxe6 Qxe6 12.Qe2 Nf6 13.Bc4 Qe7 14.Bg5 h6 15.Bxf6 Qxf6
16.Rad1 O-O 17.Rd3 Rad8 18.Rfd1 Bc5 19.g3 b5 20.Bb3 g6 21.Kg2 Kg7 22.c3 Bb6
23.Rd7 Bc5 24.R1d3 Rxd7 25.Rxd7 a5 26.a4 b4 27.h4 bxc3 28.bxc3 Be7 29.Ra7 Bc5
30.Rxa5 Bb6 31.Ra6 Rb8 32.Bc4 Qd8 33.a5 Bxa5 34.Qf3 Rb7 35.Rxc6 Rc7 36.Bd5 Qe7
37.Rxc7 Qxc7 38.c4 Bb6 39.h5 g5 40.Qf5 Qe7 41.f3 Bd4 42.Qc8 Qa7 43.Kh3 Qe7
44.Kg4 Bc5 45.Kh3 Bd4 46.Qg4 Qa7 47.Qf5 Qe7 48.Kg2 Qa7 49.c5 Qe7 50.c6 Bb6
51.Qc8 Bc7 52.Qb7 Kf6 53.Ba2 Qd6 54.Qb3 Qe7 55.Qb7 Qd6 56.Bd5 Qe7 57.Kf1 Qd6
58.Qc8 Kg7 59.Kg2 Qe7 60.Qa8 Bd8 61.Qa2 Bc7 62.Qb2 Qf6 63.Qb7 Qe7 64.Kf1 Qd6
65.Ke2 Qe7 66.Qb3 Bd6 67.Kd3 Bc7 68.Kc4 Bd6 69.Qb7 Bc7 70.Qc8 Bb6  1/2-1/2

[Event "24th ECC"]
[Site "Kallithea GRE"]
[Date "2008.10.20"]
[Round "4"]
[White "Roskar,R"]
[Black "Mullon,J"]
[Result "1-0"]
[WhiteElo "2269"]
[BlackElo "2354"]

1.e4 c5 2.Nf3 e6 3.d4 cxd4 4.Nxd4 a6 5.Bd3 Bc5 6.Nb3 Be7 7.Qg4 g6 8.Nc3 d6
9.O-O Nd7 10.Qe2 Qc7 11.a4 b6 12.Bd2 Bb7 13.Kh1 Ngf6 14.Bh6 Bf8 15.Bxf8 Kxf8
16.f4 Kg7 17.Rae1 e5 18.Nd2 Rhe8 19.Qf2 Re7 20.fxe5 dxe5 21.Nc4 Qc5 22.Qh4 Rae8
23.Ne3 Qd6 24.Bc4 h6 25.Rf3 Rf8 26.Ref1 Ng8 27.Qg4 Ndf6 28.Nf5+ Kh7 29.Nxd6 Nxg4
30.h3 N4f6 31.Nxb7 Rxb7 32.Rxf6 Nxf6 33.Rxf6 b5 34.axb5 axb5 35.Nxb5 Kg7
36.Rf2 f5 37.exf5 gxf5 38.Nd6 Rc7 39.Nxf5+ Rxf5 40.Rxf5 Rxc4 41.Rf2 Kg6 42.g3 Re4
43.Kg2 Re1 44.c3 e4 45.Rc2 Kf5 46.c4 Ke6 47.c5 Kd7 48.Kf2 Rh1 49.Kg2 Rd1
50.g4 Kc6 51.Kg3 Rd3+ 52.Kg2 e3 53.Kf3 e2+ 54.Kxe2 Rxh3 55.b4 Rh4 56.Kf3 h5
57.Rg2 hxg4+ 58.Rxg4 Rh3+ 59.Ke4 Rh6 60.Rf4 Kb5 61.Kd5 Rh5+ 62.Ke6 Rh6+ 63.Ke5 Rh5+
64.Kf6 Rh6+ 65.Kg5 Rh8 66.Re4 Rf8 67.Rf4 Rg8+ 68.Kf5 Rf8+ 69.Ke5 Re8+ 70.Kd6 Rd8+
71.Kc7 Rh8 72.Rd4 Rh7+ 73.Rd7 Rh6 74.Kb7 Kxb4 75.c6 Kb5 76.Rd5+ Kc4 77.Rg5  1-0

[Event "24th ECC"]
[Site "Kallithea GRE"]
[Date "2008.10.20"]
[Round "4"]
[White "Shavtvaladze,N"]
[Black "Avrukh,B"]
[Result "1-0"]
[WhiteElo "2442"]
[BlackElo "2657"]

1.e4 c5 2.Nf3 e6 3.d4 cxd4 4.Nxd4 a6 5.Bd3 Bc5 6.Nb3 Be7 7.Be3 d6 8.f4 Nf6
9.Qf3 Nc6 10.N1d2 O-O 11.O-O-O a5 12.Kb1 a4 13.Nc1 a3 14.b3 d5 15.e5 Ne8
16.Qh3 g6 17.Nf3 f6 18.Qg3 Ng7 19.h4 Nh5 20.Qh2 f5 21.c3 Bd7 22.Ne2 Rf7 23.Qg1 Qf8
24.g4 fxg4 25.Qxg4 Kh8 26.Ng5 Bxg5 27.hxg5 d4 28.cxd4 Nb4 29.Be4 Nd5 30.Bxd5 exd5
31.e6 Qe7 32.f5 Rxf5 33.exd7 Qxe3 34.Rxh5 Rf2 35.Rh3 Qe7 36.Rdh1 Raf8 37.d8=Q  1-0

[Event "WYCC Girls U18"]
[Site "Vung Tau City VIE"]
[Date "2008.10.20"]
[Round "1"]
[White "Deur,Z"]
[Black "Girya,O"]
[Result "0-1"]
[WhiteElo "2003"]
[BlackElo "2332"]

1.e4 c5 2.Nf3 e6 3.d4 cxd4 4.Nxd4 a6 5.Bd3 Bc5 6.Nb3 Ba7 7.Nc3 Nc6 8.O-O d6
9.Qe2 b5 10.Bd2 Nf6 11.Kh1 Bb7 12.a4 b4 13.Nd1 a5 14.Be3 Ne5 15.Bb5+ Ned7
16.Bxa7 Rxa7 17.e5 dxe5 18.Qe3 Qa8 19.f3 O-O 20.c4 bxc3 21.Nxc3 Nd5 22.Qe1 Nxc3
23.Qxc3 Rc8 24.Qe3 Nf6 25.Qxe5 Bd5 26.Nd4 Rac7 27.Ne2 Rc5 28.Qd4 e5 29.Qe3 e4
30.f4 Ng4 31.Qg3 Nf6 32.Nc3 e3 33.Rfe1 Nh5 34.Qxe3 Bxg2+ 35.Kg1 Nf6 36.Qg3 Bb7
37.h3 Ne4 38.Nxe4 Bxe4 39.Qe3 f5 40.Rac1 Qd5 41.Rxc5 Qxc5 42.Qxc5 Rxc5 43.Kf2 Kf7
44.Re2 Rc1 45.Rd2 Ke6 46.Bd7+ Ke7 47.Bb5 Rh1 48.Bf1 h6 49.Re2 g5 50.fxg5 hxg5
51.Rd2 Ke6 52.Bc4+ Ke5 53.Bf1 Kf4 54.Rd6 Rh2+ 55.Ke1 Rxb2 56.Ra6 Rb1+ 57.Kf2 Rxf1+  0-1

[Event "WYCC Girls U18"]
[Site "Vung Tau City VIE"]
[Date "2008.10.22"]
[Round "3"]
[White "Gosciniak,M"]
[Black "Girya,O"]
[Result "0-1"]
[WhiteElo "2161"]
[BlackElo "2332"]

1.e4 c5 2.Nf3 e6 3.d4 cxd4 4.Nxd4 a6 5.Bd3 Bc5 6.Nb3 Ba7 7.Qe2 Nc6 8.Be3 d6
9.Bxa7 Rxa7 10.O-O Nge7 11.c4 e5 12.Nc3 Ng6 13.Qe3 O-O 14.Rfd1 Be6 15.Bf1 Qb8
16.Qb6 a5 17.Nb5 Ra6 18.Qc7 a4 19.Qxb8 Rxb8 20.Nd2 Rd8 21.Nb1 Nb4 22.N1c3 Rc6
23.Na3 Ra8 24.Rd2 Kf8 25.Rad1 Ke7 26.h3 h5 27.Nab5 Rd8 28.a3 Na6 29.Nxa4 Nf4
30.b4 g5 31.Kh2 g4 32.h4 f5 33.g3 Nh3 34.exf5 Bxc4 35.Bxc4 Rxc4 36.Nxd6 Rd4
37.Rxd4 exd4 38.Ne4 Nc7 39.Nb2 Rd5 40.f6+ Kf7 41.Nd3 Nb5 42.Rc1 Nc3 43.Nxc3 dxc3
44.Rxc3 Kxf6 45.Kg2 Rf5 46.Rc2 Rf3 47.Rd2 b5 48.Rd1 Kf5 49.Rd2 Kf6 50.Kf1 Kf5
51.Rd1 Ke4 52.Ke2 Rf7 53.Nc5+ Ke5 54.Rf1 Kd4 55.Rd1+ Ke5 56.Nd3+ Ke4 57.Rd2 Rf3
58.Nc5+ Ke5 59.Rd3 Rxf2+ 60.Ke1 Ra2 61.Rb3 Ng1 62.Nd3+ Kd4 63.Nf4 Nf3+ 64.Kd1 Rd2+
65.Kc1 Rh2 66.Rb2 Rh1+ 67.Kc2 Kc4 68.Rb1 Nd4+ 69.Kb2 Rh2+ 70.Kc1 Kc3 71.Nd5+ Kd3
72.Nf4+ Ke3 73.Nxh5 Ne2+ 74.Kc2 Nxg3+ 75.Kb3 Nxh5 76.a4 bxa4+ 77.Kxa4 Rxh4
78.b5 g3+ 79.Ka5 g2 80.b6 Nf6 81.b7 Nd7 82.Kb5 Rh1 83.Rb3+ Kf4  0-1

[Event "WYCC Boys U18"]
[Site "Vung Tau City VIE"]
[Date "2008.10.22"]
[Round "3"]
[White "Schon,E"]
[Black "Poetz,F"]
[Result "1-0"]
[WhiteElo "2066"]
[BlackElo "2255"]

1.e4 c5 2.Nf3 e6 3.d4 cxd4 4.Nxd4 a6 5.Bd3 Bc5 6.Nb3 Ba7 7.Qg4 Nf6 8.Qg3 d6
9.Nc3 Nc6 10.Bg5 h6 11.Be3 Bxe3 12.Qxe3 e5 13.Nd2 Be6 14.f4 Ng4 15.Qg3 exf4
16.Qxf4 Nce5 17.h3 Ng6 18.Qg3 N4e5 19.Qf2 O-O 20.O-O Qg5 21.Kh2 Nh4 22.Rad1 Rac8
23.Qg3 Nhg6 24.Nf3 Nxf3+ 25.gxf3 Nf4 26.Rg1 Qf6 27.Bf1 Rc5 28.e5 Qxe5 29.Rxd6 g6
30.Rd2 Rfc8 31.h4 Bf5 32.Bd3 Bxd3 33.cxd3 Qe3 34.Rgd1 Nh5 35.Qg4 Rf5 36.Kg2 Nf4+
37.Kh2 Ne6 38.Kg2 Rd8 39.Qe4 Qb6 40.Ne2 Nd4 41.Rf1 Rdd5 42.f4 Nxe2 43.Qxe2 Qf6
44.Kg3 Rd4 45.Qe3 Qd6 46.Kg4 Kg7 47.Rf3 Rfd5 48.Kh3 Qd7+ 49.Kg3 Qf5 50.Rd1 Kh7
51.Rd2 Qf6 52.Kh3 h5 53.Kg3 Qf5 54.Kh2 Qg4 55.Qf2 Rd6 56.Rd1 f6 57.Qg3 Qf5
58.Rd2 Rd7 59.Rd1 Kg7 60.Rd2 Kf7 61.Rd1 Rb4 62.Rd2 Rdd4 63.Rdf2 Ra4 64.b3 Rab4
65.Kg2 a5 66.Kh2 b5 67.Qh3 Qc5 68.Re2 Rxf4 69.Qd7+ Kg8 70.Re8+ Qf8 71.Rxf8+ Kxf8  1-0